Open Data Biblioteca Nacional de Portugal


República Portuguesa: Ministério da Cultura
Biblioteca Nacional de Portugal

Catálogo da BNP: acesso por Identificadores Unívocos
Registos Bibliográficos associados ao registo de autoridade

Etiqueta de registo: 00000nam 2200025 450
001 2285048
003 http://id.bnportugal.gov.pt/bib/catbnp/2285048
010 ## $a978-989-711-341-3
021 ## $aPT$b561131/26
100 ## $a20260423d2026 m y0pory01030103ba
101 1# $apor$cfre
102 ## $aPT
105 ## $aa z 000ay
106 ## $ar
200 1# $a O uso da fotografia$fAnnie Ernaux, Marc Marie$gtrad. Maria Etelvina Santos
205 ## $a1ª ed
210 #9 $aPorto$cLivros do Brasil,$d2026
215 ## $a187, [2] p.$cil.$d24 cm
225 2# $aDois mundos
304 ## $aTít. orig.: L'usage de la photo
700 #1 $aErnaux,$bAnnie,$cpseud.$3133569
701 #1 $aMarie,$bMarc,$f1962-2022$4070$31996687
702 #1 $aSantos,$bMaria Etelvina$4730$3247953
801 #0 $aPT$bBN$gRPC
966 ## $lBN$mFGMON$x1
966 ## $lBN$mFGMON$x1
971 ## $corlando$d20260423

OpendataBNP@bnportugal.pt | Mais informação sobre acesso aos dados BNP